[Rezension von: Goldingay, John, 1942-, Joshua]

Saved in:  
Bibliographic Details
Main Author: Echols, Charles L. (Author)
Contributors: Goldingay, John 1942- (Bibliographic antecedent)
Format: Electronic Review
Language:English
Check availability: HBZ Gateway
Interlibrary Loan:Interlibrary Loan for the Fachinformationsdienste (Specialized Information Services in Germany)
Published: 2025
In: Bulletin for biblical research
Year: 2025, Volume: 35, Issue: 2, Pages: 271-274
Review of:Joshua (Grand Rapids, Michigan : Baker Academic, a division of Baker Publishing Group, 2023) (Echols, Charles L.)
Joshua (Grand Rapids : Baker Academic, 2023) (Echols, Charles L.)
Further subjects:B Book review
Online Access: Volltext (lizenzpflichtig)

MARC

LEADER 00000naa a2200000 c 4500
001 1965139833
003 DE-627
005 20260313115137.0
007 cr uuu---uuuuu
008 260313s2025 xx |||||oo 00| ||eng c
024 7 |a 10.5325/bullbiblrese.35.2.0271  |2 doi 
035 |a (DE-627)1965139833 
035 |a (DE-599)KXP1965139833 
040 |a DE-627  |b ger  |c DE-627  |e rda 
041 |a eng 
084 |a 1  |2 ssgn 
100 1 |a Echols, Charles L.  |e VerfasserIn  |4 aut 
245 1 0 |a [Rezension von: Goldingay, John, 1942-, Joshua]  |c Charles L. Echols 
264 1 |c 2025 
336 |a Text  |b txt  |2 rdacontent 
337 |a Computermedien  |b c  |2 rdamedia 
338 |a Online-Ressource  |b cr  |2 rdacarrier 
655 7 |a Rezension  |0 (DE-588)4049712-4  |0 (DE-627)106186019  |0 (DE-576)209083166  |2 gnd-content 
700 1 |e VerfasserIn des Bezugswerks  |0 (DE-588)134093615  |0 (DE-627)560465998  |0 (DE-576)164396101  |4 ant  |a Goldingay, John  |d 1942- 
773 0 8 |i Enthalten in  |t Bulletin for biblical research  |d Winona Lake, Ind. : Eisenbrauns, 1991  |g 35(2025), 2, Seite 271-274  |h Online-Ressource  |w (DE-627)612651665  |w (DE-600)2523584-9  |w (DE-576)347283926  |x 2576-0998  |7 nnas 
773 1 8 |g volume:35  |g year:2025  |g number:2  |g pages:271-274 
787 0 8 |i Rezension von  |a Goldingay, John, 1942 -   |t Joshua  |d Grand Rapids, Michigan : Baker Academic, a division of Baker Publishing Group, 2023  |h xvii, 507 Seiten  |w (DE-627)1809220211  |z 9781540964618 
787 0 8 |i Rezension von  |a Goldingay, John, 1942 -   |t Joshua  |b 1st ed.  |d Grand Rapids : Baker Academic, 2023  |h 1 online resource (662 pages)  |w (DE-627)183893426X  |z 9781493440054 
856 4 0 |u https://doi.org/10.5325/bullbiblrese.35.2.0271  |x Resolving-System  |z lizenzpflichtig  |3 Volltext  |7 1 
935 |a BIIN 
951 |a AR 
BIB |a 1 
ELC |a 1 
LOK |0 000 xxxxxcx a22 zn 4500 
LOK |0 001 4934973885 
LOK |0 003 DE-627 
LOK |0 004 1965139833 
LOK |0 005 20260313092035 
LOK |0 008 260313||||||||||||||||ger||||||| 
LOK |0 040   |a DE-Tue135-1  |c DE-627  |d DE-Tue135-1 
LOK |0 852   |a DE-Tue135-1 
LOK |0 852 1  |m p  |9 00 
LOK |0 852 2  |b FTH Z4-127 (Print)  |9 00 
LOK |0 85640  |u https://bibsearch.uibk.ac.at/AC01027511 
LOK |0 935   |a inzs  |a inzo 
LOK |0 938   |k p 
LOK |0 939   |a 2026-03-13  |b l01 
ORI |a TA-MARC-ixtheoa001.raw 
SUB |a BIB